Resoluciones y decisiones que se refieren específicamente a la mujer

Zapisane w:
Opis bibliograficzny
Korporacja: Naciones Unidas. XXXVI Asamblea General
Format: Texto
Wydane: s.l: Centro de la T.I.M.
Hasła przedmiotowe:
Etykiety: Dodaj etykietę
Nie ma etykietki, Dołącz pierwszą etykiete!

MARC

LEADER 00000 a a2200000 04500
001 14181
003
040
090 |a EXTRAVIADO  
110 |a Naciones Unidas. XXXVI Asamblea General  
245 |a Resoluciones y decisiones que se refieren específicamente a la mujer  
260 |a s.l:   |b Centro de la T.I.M.  
300 |a 1; 29 p.  
650 |a MUJERES  
999 |c 6277  |d 6277